00267nam a2200109Ia 4500008004100000020001500041100002400056245003200080250000700112260002900119300000900148211105s9999 xx 000 0 und d aVYASA09571 aBrahma Nalini Kanta 0aPhilosophy Of Hindu Sadhana a\N bMotilal Banarsidass c\N a33p.